Normal view
MARC view
- Guus Schreiber
Entry Personal Name
001 - CONTROL NUMBER
- control field: 124631
003 - CONTROL NUMBER IDENTIFIER
- control field: NUST
005 - DATE AND TIME OF LATEST TRANSACTION
- control field: 20240719152224.0
008 - FIXED-LENGTH DATA ELEMENTS
- fixed length control field: 240719|| aca||aabn | a|a d
040 ## - CATALOGING SOURCE
- Original cataloging agency: NUST
- Transcribing agency: NUST
100 ## - HEADING--PERSONAL NAME
- Personal name: Guus Schreiber
670 ## - SOURCE DATA FOUND
- Source citation: Work cat.: (NUST): Guus Schreiber, Knowledge engineering and management , 2001.
